[Event "Dortmund Sparkassen op-B"]
[Site "Dortmund"]
[Date "2012.07.18"]
[Round "5"]
[White "Riehl, Tim"]
[Black "Thiemann, Marc"]
[Result "1-0"]
[WhiteElo "1625"]
[BlackElo "1342"]
[PlyCount "103"]
[EventDate "2012.07.14"]
[EventType "swiss"]
[EventRounds "9"]
[EventCountry "GER"]
[SourceTitle "EXT 2014"]
[Source "ChessBase"]
[SourceDate "2013.11.20"]
[SourceVersion "1"]
[SourceVersionDate "2013.11.20"]
[SourceQuality "1"]

1. c4 Nf6 2. g3 e6 3. Nc3 d5 4. cxd5 exd5 5. Bg2 b6 6. d3 Bb7 7. Bd2 Bc5 8. Nf3 0-0 9. a3 Nbd7 10. 0-0 c6 11. b4 Be7 12. Qb3 c5 13. Nh4 Ne5 14. Nf5 c4 15. Nxe7+ Qxe7 16. dxc4 Nxc4 17. Bg5 Qe6 18. Rad1 Ne4 19. Nxe4 dxe4 20. Rd4 Rac8 21. Rfd1 h6 22. Bc1 a6 23. Rd7 Ba8 24. b5 axb5 25. R7d4 Rc5 26. Rd8 Re8 27. a4 Bc6 28. axb5 Bxb5 29. Ba3 Re5 30. Rxe8+ Qxe8 31. Bb2 Nxb2 32. Qxb2 Rc5 33. Bh3 e3 34. Rd6 exf2+ 35. Kxf2 Re5 36. Rd8 Qxd8 37. Qxe5 Bd7 38. Qd6 Qc8 39. Qxd7 Qxd7 40. Bxd7 Kf8 41. Ke3 Ke7 42. Bc6 f6 43. Kf4 Ke6 44. e4 h5 45. Bd5+ Ke7 46. Kf5 g5 47. h4 gxh4 48. gxh4 b5 49. Kg6 b4 50. Kxh5 Kd6 51. Kg6 Ke7 52. h5 1-0